[Event "NYCC 2024, E"]
[Site "Valkeakoski, Finland"]
[Date "2024.02.18"]
[Round "6.2"]
[White "Zhang, Yiming"]
[Black "Mikkelsen, Anders Askjaer"]
[Result "1-0"]
[WhiteElo "1493"]
[BlackElo "1434"]
[PlyCount "141"]
[EventDate "2024.??.??"]

1. e4 c5 2. Nf3 Nc6 3. d4 cxd4 4. Nxd4 d6 5. c4 Nf6 6. Nc3 Bd7 7. f3 g6 8. Be3
Bg7 9. Qd2 Rc8 10. b3 Qa5 11. Be2 a6 12. Rc1 h5 13. O-O O-O 14. Rfd1 Rfd8 15.
Kh1 Kh7 16. Nxc6 bxc6 17. Na4 Qxd2 18. Rxd2 c5 19. Nb6 Rc7 20. Rcd1 Rb7 21. Nd5
Re8 22. Nxf6+ Bxf6 23. Bxc5 Bg5 24. Rd3 f5 25. Ba3 Bf4 26. Bb2 Bc8 27. c5 h4
28. exf5 Bxf5 29. Rd4 g5 30. Bxa6 Ra7 31. Bb5 Rb8 32. Ra4 Rc7 33. cxd6 exd6 34.
Bc4 Re7 35. Bc3 Rbe8 36. Ra5 Bc2 37. Rf1 Rc8 38. Bf6 Re3 39. Bxg5 Bxg5 40. Rxg5
Rce8 41. Rh5+ Kg6 42. Rxh4 Re1 43. Kg1 Rxf1+ 44. Kxf1 Rd8 45. Rd4 Kf6 46. b4
Ke5 47. Rd5+ Kf6 48. b5 Ke7 49. h4 Rf8 50. h5 Kd7 51. Kf2 Be4 52. Rg5 Kc7 53.
h6 Rh8 54. fxe4 Rxh6 55. g4 Rh2+ 56. Ke3 Rc2 57. Kd3 Rh2 58. Rf5 Rh8 59. g5
Rh3+ 60. Kd4 Rh1 61. g6 Rg1 62. Rf7+ Kb6 63. g7 d5 64. Bxd5 Ka5 65. Ra7+ Kb4
66. b6 Rd1+ 67. Ke5 Kc3 68. g8=Q Kb4 69. Qc8 Rxd5+ 70. Kxd5 Kb5 71. Qc5# 1-0

[Event "NYCC 2024, E"]
[Site "Valkeakoski, Finland"]
[Date "2024.02.18"]
[Round "6.3"]
[White "Mashhadi Aghajan, Rayan"]
[Black "Maurstad, Astor Moe"]
[Result "0-1"]
[WhiteElo "1336"]
[BlackElo "1459"]
[PlyCount "62"]
[EventDate "2024.??.??"]

1. e4 c5 2. c3 d5 3. exd5 Qxd5 4. d4 Nf6 5. Nf3 Nc6 6. Be3 cxd4 7. cxd4 e6 8.
Nc3 Qd8 9. Bd3 Be7 10. O-O O-O 11. Bb1 b6 12. a3 Bb7 13. Qd3 Qd7 14. Qc2 Rfd8
15. Ne5 Qe8 16. Ng4 g6 17. Nh6+ Kg7 18. Ba2 Nxd4 19. Qc1 Rac8 20. Re1 Qc6 21.
f3 Nb5 22. Bd2 Bc5+ 23. Kf1 Nxc3 24. Bxc3 Ba6+ 25. Re2 Bxe2+ 26. Kxe2 Bd4 27.
Ng4 Bxc3 28. Qh6+ Kg8 29. Rc1 Nxg4 30. fxg4 Qe4+ 31. Kf1 Bd2 0-1

[Event "NYCC 2024, E"]
[Site "Valkeakoski, Finland"]
[Date "2024.02.18"]
[Round "6.4"]
[White "Jonsson, Tristan Fannar"]
[Black "Xin, Lisa J."]
[Result "1-0"]
[WhiteElo "1216"]
[BlackElo "1167"]
[PlyCount "69"]
[EventDate "2024.??.??"]

1. e4 e6 2. d4 d5 3. e5 c5 4. c3 Nc6 5. Nf3 Bd7 6. Bd3 cxd4 7. cxd4 Qb6 8. Nc3
a6 9. Be2 Rc8 10. O-O Nge7 11. Na4 Qc7 12. Nc5 Nxd4 13. Be3 Nxe2+ 14. Qxe2 Nf5
15. Nxd7 Nxe3 16. Qxe3 Qxd7 17. Rac1 Bc5 18. Rxc5 O-O 19. Rfc1 Rfd8 20. Rxc8
Rxc8 21. Rxc8+ Qxc8 22. Qc3 Qd7 23. h3 h6 24. Qb4 Qc7 25. Qc3 Qd7 26. Qc5 f6
27. Qd6 Qxd6 28. exd6 Kf7 29. Nd4 e5 30. Nf5 d4 31. d7 Ke6 32. d8=Q Kxf5 33.
Qd5 Kf4 34. h4 g5 35. Qf3# 1-0

[Event "NYCC 2024, E"]
[Site "Valkeakoski, Finland"]
[Date "2024.02.18"]
[Round "6.5"]
[White "Matysiak, Tommy"]
[Black "Jorgensen, Baldur Bjarnason"]
[Result "1-0"]
[WhiteElo "1312"]
[BlackElo "1275"]
[PlyCount "79"]
[EventDate "2024.??.??"]

1. e4 e5 2. Nf3 Nc6 3. Bc4 Bc5 4. c3 Nf6 5. d4 exd4 6. cxd4 Bb4+ 7. Bd2 Nxe4 8.
Bxb4 Nxb4 9. Bxf7+ Kxf7 10. Qb3+ Ke8 11. Qxb4 Qe7 12. Qxe7+ Kxe7 13. O-O Kd8
14. Ne5 Rf8 15. f3 Nf6 16. Nc3 d6 17. Nd3 Bf5 18. Rad1 Kd7 19. Rfe1 Rae8 20.
Rxe8 Rxe8 21. Kf2 g5 22. Ne5+ dxe5 23. dxe5+ Ke6 24. exf6 Kxf6 25. Nd5+ Kg6 26.
Nxc7 Kg7 27. Nxe8+ Kf8 28. Nd6 Be6 29. Nxb7 Bxa2 30. Ra1 Be6 31. Rxa7 h5 32. b4
Bd5 33. Nc5 Ke8 34. b5 Kd8 35. Rd7+ Kc8 36. Rxd5 h4 37. b6 g4 38. b7+ Kb8 39.
Rd8+ Ka7 40. b8=Q# 1-0

[Event "NYCC 2024, E"]
[Site "Valkeakoski, Finland"]
[Date "2024.02.18"]
[Round "6.6"]
[White "Arun, Harsha"]
[Black "Dahlin, Emil"]
[Result "1-0"]
[WhiteElo "1181"]
[BlackElo "1306"]
[PlyCount "135"]
[EventDate "2024.??.??"]

1. Nf3 d5 2. d4 e6 3. e3 Nf6 4. Bd3 Be7 5. O-O O-O 6. Nbd2 c5 7. b3 Nc6 8. a3
Bd7 9. Bb2 Rc8 10. Ne5 cxd4 11. exd4 Qc7 12. f4 Qb6 13. Nxc6 Qxc6 14. c4 dxc4
15. Bxc4 b5 16. Bd3 Nd5 17. Qf3 Qb6 18. Kh1 Bc6 19. Qh3 h6 20. f5 Bd7 21. Ne4
exf5 22. Nd2 Bg5 23. Bxf5 Bxf5 24. Rxf5 Qe6 25. Re5 Qxh3 26. gxh3 Bxd2 27. Rxd5
Rc2 28. Rb1 a6 29. Rc5 Rxc5 30. dxc5 Be3 31. b4 Bf4 32. Rf1 g5 33. h4 Re8 34.
hxg5 hxg5 35. Bc1 Re4 36. Bxf4 gxf4 37. Rc1 Re7 38. c6 Rc7 39. Kg2 Kg7 40. Kf3
Kg6 41. Kxf4 Kf6 42. Rc5 Ke6 43. h4 Kd6 44. h5 a5 45. Kf5 axb4 46. axb4 Ke7 47.
Re5+ Kf8 48. Rc5 Ke8 49. Ke5 Ke7 50. h6 f6+ 51. Kf5 Kf7 52. h7 Kg7 53. h8=Q+
Kxh8 54. Kxf6 Kg8 55. Ke6 Kf8 56. Kd6 Rh7 57. c7 Rh6+ 58. Kd5 Rh5+ 59. Kc6 Rh6+
60. Kxb5 Ke7 61. c8=Q Kf7 62. Rc7+ Kf6 63. Rc6+ Ke5 64. Rxh6 Ke4 65. Qe6+ Kf4
66. Rh4+ Kg5 67. Rg4+ Kh5 68. Qg6# 1-0